000 00535nam a2200193 a 4500
001 951
003 CO-ViMGA
008 141112s2004 ck r 000 u spa d
040 _aCO-ViMGA
_bspa
_cCO-ViMGA
082 0 4 _a823.2 S737
100 1 _aSterne, Laurence
_948942
245 1 0 _aViaje sentimental
260 _aSantafé de Bogotá :
_bNorma,
_c1994
300 _a174, 75 p
490 _aCara y cruz
500 _aEncuadernado con A propósito de Laurence Sterne y su obra.
650 1 4 _aNOVELA IRLANDESA
_92617
942 _2ddc
_cBK
999 _c13178
_d13178